000 00310nam a2200109Ia 4500
008 171211s9999 xx 000 0 und d
245 _aChrono Cross Official Strategy Guide
245 _cDan Birlew & Ken Schmidt
260 _c2000
650 _xGAMES
856 _uhttp://down.ebook777.com/055/9780744000177.pdf
999 _c348927
_d348927